[Event "4NCL/Div3/GUI3 vs. NKN1"]
[Site "Telford ENG"]
[Date "2003.01.19"]
[Round "4.1"]
[White "Richardson, Kevin D"]
[Black "Walsh, Chris"]
[Result "1/2-1/2"]
[WhiteElo "2169"]
[BlackElo "2204"]
[PlyCount "44"]
[EventDate "2003.01.19"]

1. e4 e6 2. d4 d5 3. Nc3 Bb4 4. e5 c5 5. a3 Bxc3+ 6. bxc3 Qc7 7. Nf3 b6 8. Bb5+
Bd7 9. Be2 Ba4 10. O-O Ne7 11. Bf4 c4 12. Qd2 Nbc6 13. h4 h6 14. g4 O-O-O 15.
Kg2 Qd7 16. Rh1 Qe8 17. Rag1 Qg8 18. h5 Qh7 19. Bd1 Rdf8 20. Kf1 f6 21. exf6
gxf6 22. Rh3 Kd7 1/2-1/2

[Event "4NCL/Div3/GUI3 vs. NKN1"]
[Site "Telford ENG"]
[Date "2003.01.19"]
[Round "4.2"]
[White "Rees, Ioan"]
[Black "Briscoe, Christopher"]
[Result "1/2-1/2"]
[WhiteElo "2106"]
[BlackElo "2187"]
[PlyCount "29"]
[EventDate "2003.01.19"]

1. Nf3 Nf6 2. c4 c5 3. Nc3 Nc6 4. g3 d5 5. cxd5 Nxd5 6. Bg2 g6 7. Qb3 Nc7 8. d3
e6 {=} 9. O-O Bg7 10. Be3 b6 11. Nd2 Bd7 12. Nde4 O-O 13. Bg5 f6 14. Bf4 Kh8
15. Nd6 1/2-1/2

[Event "4NCL/Div3/GUI3 vs. NKN1"]
[Site "Telford ENG"]
[Date "2003.01.19"]
[Round "4.3"]
[White "Punnett, Alan K"]
[Black "Morris, Gareth"]
[Result "1-0"]
[WhiteElo "2129"]
[BlackElo "2174"]
[PlyCount "77"]
[EventDate "2003.01.19"]

1. e4 c5 2. Nc3 Nc6 3. g3 g6 4. Bg2 Bg7 5. d3 d6 6. Be3 Rb8 7. a4 Qa5 8. Nge2
Nd4 9. O-O Nxe2+ 10. Qxe2 Bxc3 11. bxc3 Qxc3 12. Rab1 Nf6 13. Rb3 Qa5 14. e5
dxe5 15. Rb5 Qxa4 16. Rfb1 O-O 17. Bxc5 Re8 18. d4 exd4 19. R5b4 d3 20. Qxd3
Qa5 21. Rb5 Qa6 22. Qf1 Bd7 23. Rxb7 Rxb7 24. Rxb7 Qa2 25. Qd1 Qc4 26. Bxa7 Ba4
27. Bf1 Qe4 28. Bg2 Qf5 29. Qe2 Bxc2 30. Rxe7 Rd8 31. h3 h5 32. Qc4 Nd5 33.
Bxd5 Rxd5 34. Re8+ Kh7 35. Bd4 f6 36. Qc7+ Rd7 37. Re7+ Rxe7 38. Qxe7+ Kh6 39.
Bxf6 {time} 1-0

[Event "4NCL/Div3/GUI3 vs. NKN1"]
[Site "Telford ENG"]
[Date "2003.01.19"]
[Round "4.4"]
[White "Gandy, Andrew"]
[Black "Lang, Heather"]
[Result "1-0"]
[WhiteElo "2097"]
[BlackElo "2069"]
[PlyCount "81"]
[EventDate "2003.01.19"]

1. d4 f5 2. Bg5 g6 3. Nd2 Bg7 4. e4 fxe4 5. Nxe4 d5 6. Nc5 b6 7. Nb3 Nf6 8. Nf3
Qd6 9. Qc1 Nh5 10. Bh6 Qe6+ 11. Be2 Ba6 12. Qe3 Qxe3 13. Bxe3 Bxe2 14. Kxe2 O-O
15. Rhe1 Nc6 16. c3 e5 17. dxe5 Nxe5 18. Nxe5 Bxe5 19. g3 c5 20. Rad1 Nf6 21.
Kf1 Rae8 22. h3 Re6 23. Kg2 Kf7 24. Bg5 Rd8 25. Re2 d4 26. f4 d3 27. Rxe5 c4
28. Rxe6 Kxe6 29. Nd4+ Kf7 30. Nc6 Re8 31. Ne5+ Kg7 32. Bxf6+ Kxf6 33. Nxc4 b5
34. Ne5 g5 35. Rxd3 gxf4 36. gxf4 Kf5 37. Kf3 Rg8 38. Rd5 a6 39. Ng4+ Ke6 40.
f5+ Kf7 41. Rd7+ 1-0

[Event "4NCL/Div3/GUI3 vs. NKN1"]
[Site "Telford ENG"]
[Date "2003.01.19"]
[Round "4.5"]
[White "Hill, David F"]
[Black "Powell, Annie"]
[Result "1-0"]
[WhiteElo "2066"]
[BlackElo "2036"]
[PlyCount "55"]
[EventDate "2003.01.19"]

1. Nf3 Nf6 2. c4 e6 3. Nc3 c5 4. g3 Nc6 5. Bg2 Be7 6. O-O O-O 7. d4 cxd4 8.
Nxd4 a6 9. e4 Qc7 10. Be3 d6 11. Rc1 Rb8 12. b3 Bd7 13. Nd5 exd5 14. cxd5 Qa5
15. dxc6 bxc6 16. Rxc6 Qxa2 17. Rc1 Ng4 18. Rc7 Nxe3 19. fxe3 Rbd8 20. Ra7 Bf6
21. Rxf6 gxf6 22. Rxd7 Rxd7 23. Qg4+ Kh8 24. Qxd7 Qb1+ 25. Kf2 Qb2+ 26. Kf3 Qb1
27. Qxd6 Qd1+ 28. Kf4 1-0

[Event "4NCL/Div3/GUI3 vs. NKN1"]
[Site "Telford ENG"]
[Date "2003.01.19"]
[Round "4.6"]
[White "Davis, Lee"]
[Black "Allinson, Julian"]
[Result "0-1"]
[WhiteElo "2002"]
[BlackElo "1880"]
[PlyCount "98"]
[EventDate "2003.01.19"]

1. d4 c6 2. g3 Nf6 3. Bg2 d6 4. Nf3 Bf5 5. O-O Nbd7 6. c4 e5 7. Nc3 Be7 8. Nh4
Bg6 9. b3 O-O 10. Nxg6 hxg6 11. Bb2 Qc7 12. Qd2 Rfe8 13. Rfd1 a6 14. Rac1 Rad8
15. h3 Qb8 16. d5 c5 17. a4 Nh7 18. e4 Rf8 19. Rf1 g5 20. Rce1 Rde8 21. Qd3 g6
22. Ne2 Qd8 23. Bc3 Bf6 24. b4 cxb4 25. Bxb4 Qc7 26. Rb1 Rc8 27. Rfc1 b6 28.
Qa3 Be7 29. a5 bxa5 30. Bxa5 Qa7 31. Bd2 f5 32. Be3 Nc5 33. f4 gxf4 34. gxf4
Nf6 35. fxe5 dxe5 36. Qb2 f4 37. Bf2 f3 38. Bxf3 Nfxe4 39. Nd4 Nxf2 40. Qxf2
exd4 41. Qg3 Rf6 42. d6 Bxd6 43. Bd5+ Kg7 44. Qg4 Qd7 45. Rb7 Rc7 46. Rxc7 Bxc7
47. Qg2 Qf5 48. Re1 Bf4 49. Re7+ Kf8 0-1

[Event "4NCL/Div3/GUI3 vs. NKN1"]
[Site "Telford ENG"]
[Date "2003.01.19"]
[Round "4.7"]
[White "Stimpson, Philip M"]
[Black "Ralphs, Nigel"]
[Result "0-1"]
[WhiteElo "1944"]
[BlackElo "1931"]
[PlyCount "46"]
[EventDate "2003.01.19"]

1. e4 e6 2. Nc3 d5 3. Nf3 Nf6 4. e5 Nfd7 5. d4 c5 6. dxc5 Bxc5 7. Bd3 Nc6 8.
Qe2 a6 9. O-O b5 10. a3 b4 11. Nxd5 exd5 12. e6 Nf6 13. exf7+ Kxf7 14. Ng5+ Kf8
15. axb4 Nxb4 16. Bb5 Bg4 17. Qxg4 Nxg4 18. Ne6+ Kf7 19. Nxd8+ Rhxd8 20. Be2
Nxc2 21. Bxg4 Nxa1 22. Bg5 Nb3 23. Bxd8 Rxd8 0-1

[Event "4NCL/Div3/PPA2 vs. MKE"]
[Site "Telford ENG"]
[Date "2003.01.19"]
[Round "4.1"]
[White "Sayers, Raymond"]
[Black "Macdonald-Ross, Michael"]
[Result "1/2-1/2"]
[WhiteElo "2145"]
[BlackElo "2169"]
[PlyCount "33"]
[EventDate "2003.01.19"]

1. e4 c6 2. d4 d5 3. exd5 cxd5 4. Bd3 Nc6 5. c3 Nf6 6. Bf4 g6 7. Qc2 Bg7 8. h3
O-O 9. Nf3 Nh5 10. Bh2 Bh6 11. Nbd2 Nf4 12. Bxf4 Bxf4 13. O-O Qd6 14. Rad1 Bd7
15. Rfe1 Rfe8 16. Nb3 Rad8 17. Re2 1/2-1/2

[Event "4NCL/Div3/PPA2 vs. MKE"]
[Site "Telford ENG"]
[Date "2003.01.19"]
[Round "4.2"]
[White "Freeman, Richard CP"]
[Black "Young, Craig A"]
[Result "1/2-1/2"]
[WhiteElo "2066"]
[BlackElo "2097"]
[PlyCount "31"]
[EventDate "2003.01.19"]

1. e4 e5 2. Bc4 Nf6 3. d4 Nxe4 4. dxe5 c6 5. Qe2 Nc5 6. a4 Be7 7. Nf3 O-O 8.
O-O d5 9. exd6 Bxd6 10. Bg5 Qc7 11. Nc3 Bg4 12. h3 Bh5 13. Ne4 Nxe4 14. Qxe4
Nd7 15. Rfe1 Nc5 16. Qe2 1/2-1/2

[Event "4NCL/Div3/PPA2 vs. MKE"]
[Site "Telford ENG"]
[Date "2003.01.19"]
[Round "4.3"]
[White "Goodger, Martyn"]
[Black "Smith, Graham M"]
[Result "0-1"]
[WhiteElo "2133"]
[BlackElo "2118"]
[PlyCount "84"]
[EventDate "2003.01.19"]

1. e4 d6 2. d4 Nf6 3. Nc3 g6 4. Be3 Bg7 5. Qd2 a6 6. Bh6 O-O 7. h4 Nc6 8. O-O-O
e5 9. d5 Nd4 10. Bxg7 Kxg7 11. Nge2 Nb5 12. f3 Bd7 13. g4 h5 14. g5 Ne8 15. f4
Bg4 16. Re1 c5 17. Bh3 Bxh3 18. Rxh3 Qa5 19. f5 Nd4 20. Rf1 Nc7 21. f6+ Kh7 22.
Kb1 b5 23. Nc1 Rab8 24. Rf2 b4 25. Nd1 Ncb5 26. Nb3 Qb6 27. Nxd4 Nxd4 28. c3
bxc3 29. Nxc3 Rfc8 30. Ne2 c4 31. Nc3 Rc7 32. Rhh2 Rcb7 33. Nd1 Qc5 34. Qc1 a5
35. Nc3 Rb4 36. Ka1 a4 37. Rhg2 Ra8 38. Qd1 a3 39. bxa3 Rxa3 40. Rg3 Nb3+ 41.
Kb2 Nd2+ 42. Kxa3 Rb3+ 0-1

[Event "4NCL/Div3/PPA2 vs. MKE"]
[Site "Telford ENG"]
[Date "2003.01.19"]
[Round "4.4"]
[White "Elwin, Adrian G"]
[Black "Winfridsson, Ola"]
[Result "1/2-1/2"]
[WhiteElo "2031"]
[BlackElo "2038"]
[PlyCount "69"]
[EventDate "2003.01.19"]

1. Nf3 e6 2. c4 Nf6 3. d4 Bb4+ 4. Bd2 Qe7 5. a3 Bxd2+ 6. Nbxd2 d6 7. e4 e5 8.
d5 Bg4 9. Be2 a5 10. b4 Bxf3 11. Bxf3 O-O 12. O-O axb4 13. axb4 Rxa1 14. Qxa1
Na6 15. Qc3 Nd7 16. g3 Nb6 17. Be2 Kh8 18. f4 exf4 19. gxf4 f5 20. Bd3 Nd7 21.
Bc2 Qf6 22. Qxf6 gxf6 23. b5 Nb4 24. Bb1 c6 25. bxc6 bxc6 26. dxc6 Nxc6 27.
exf5 Nd4 28. Kf2 Nb6 29. Re1 d5 30. cxd5 Nxd5 31. Nf3 Nxf3 32. Kxf3 Rb8 33. Ba2
Nc3 34. Be6 Rd8 35. Re3 1/2-1/2

[Event "4NCL/Div3/PPA2 vs. MKE"]
[Site "Telford ENG"]
[Date "2003.01.19"]
[Round "4.5"]
[White "McMahon, Paul"]
[Black "Ioannides, Milton"]
[Result "0-1"]
[WhiteElo "2041"]
[BlackElo "2096"]
[PlyCount "80"]
[EventDate "2003.01.19"]

1. e4 c5 2. Nf3 d6 3. Be2 Nf6 4. c3 Nc6 5. d4 cxd4 6. cxd4 e6 7. Nc3 Be7 8. O-O
O-O 9. a3 a6 10. Qc2 Bd7 11. Rd1 Rc8 12. h3 b5 13. e5 Ne8 14. Bf4 d5 15. Rac1
Na5 16. Bd3 h6 17. Nd2 Nc4 18. Nxc4 bxc4 19. Bf1 Rb8 20. Qe2 Bg5 21. Bxg5 Qxg5
22. Qd2 Qe7 23. Rb1 Rb3 24. Rdc1 f6 25. Be2 fxe5 26. dxe5 Bc6 27. Bd1 Rb7 28.
Ne2 Nc7 29. Nd4 Be8 30. Bc2 Nb5 31. Re1 Nxd4 32. Qxd4 Qg5 33. Re3 Rf4 34. Qc5
Rbf7 35. Rf1 d4 36. Qc8 dxe3 37. Qxe8+ Rf8 38. Qxe6+ Kh8 39. f3 e2 40. Re1 Rxf3
0-1

[Event "4NCL/Div3/PPA2 vs. MKE"]
[Site "Telford ENG"]
[Date "2003.01.19"]
[Round "4.6"]
[White "Valentine, Brian J"]
[Black "Dignam, Matthew"]
[Result "1-0"]
[WhiteElo "1968"]
[BlackElo "2098"]
[PlyCount "71"]
[EventDate "2003.01.19"]

1. e4 e6 2. d3 c5 3. g3 Nc6 4. Bg2 g6 5. Nf3 Bg7 6. O-O Nge7 7. c3 d5 8. Qe2
O-O 9. e5 b5 10. Re1 a5 11. Bf4 Ba6 12. Nbd2 b4 13. h4 a4 14. c4 Nf5 15. Qd1
Qb6 16. g4 Nfd4 17. cxd5 Nxf3+ 18. Nxf3 exd5 19. Qd2 Rfe8 20. h5 Na5 21. h6 Bh8
22. Ng5 Rad8 23. Bg3 Bc8 24. Qf4 Be6 25. Bh4 Rd7 26. Nf3 Ra7 27. Bf6 Bc8 28.
Bxh8 Kxh8 29. Ng5 Ree7 30. Bxd5 Kg8 31. Qf6 Qxf6 32. exf6 Rxe1+ 33. Rxe1 Bd7
34. Re7 a3 35. bxa3 b3 36. axb3 1-0

[Event "4NCL/Div3/PPA2 vs. MKE"]
[Site "Telford ENG"]
[Date "2003.01.19"]
[Round "4.7"]
[White "Retallick, Lloyd"]
[Black "Thomas, Phillip"]
[Result "1-0"]
[WhiteElo "1856"]
[BlackElo "1904"]
[PlyCount "120"]
[EventDate "2003.01.19"]

1. d4 d5 2. c4 e6 3. Nc3 Nf6 4. Bg5 c6 5. e3 Qa5 6. Bxf6 gxf6 7. cxd5 Bb4 8.
Qc2 exd5 9. Nf3 Bg4 10. Nd2 Nd7 11. a3 Bd6 12. Bd3 h6 13. h3 Be6 14. Nf3 O-O-O
15. Nh4 Rdg8 16. O-O-O Kb8 17. g3 b5 18. Nf5 Bxf5 19. Bxf5 Nb6 20. e4 b4 21.
axb4 Bxb4 22. Kd2 Nc4+ 23. Ke2 Nd6 24. Ra1 Nxf5 25. exf5 Re8+ 26. Kf3 Qb6 27.
Qd3 Re7 28. Rhe1 Rhe8 29. Re3 Kc7 30. Rae1 Kd8 31. R1e2 Qb7 32. Rxe7 Rxe7 33.
Kg2 Bd6 34. Na4 Qd7 35. Rc2 Re4 36. Nc5 Bxc5 37. Rxc5 Qxf5 38. Rxc6 Qd7 39.
Rxf6 Qb7 40. Rxh6 Qxb2 41. Rd6+ Ke7 42. Rxd5 Re6 43. Rf5 Qb6 44. Qf3 f6 45. Rh5
Qxd4 46. Qb7+ Kd6 47. Ra5 Qe4+ 48. Qxe4 Rxe4 49. Rxa7 Ke6 50. g4 Rb4 51. f3 Rb3
52. h4 Ke5 53. Re7+ Kd6 54. Re2 Rb1 55. h5 Rb8 56. Kg3 Rg8 57. Kf4 Rg5 58. h6
Rg8 59. Kf5 Rh8 60. Kg6 f5 1-0

[Event "4NCL/Div3/PPA2 vs. MKE"]
[Site "Telford ENG"]
[Date "2003.01.19"]
[Round "4.8"]
[White "Wilcox, Charlotte"]
[Black "Dignam, Kate"]
[Result "1-0"]
[WhiteElo "1528"]
[BlackElo "1200"]
[PlyCount "53"]
[EventDate "2003.01.19"]

1. e4 Nf6 2. e5 Nd5 3. d4 d6 4. c4 Nb6 5. f4 Be6 6. d5 Bf5 7. Nf3 h6 8. Be2 c6
9. Nc3 Qd7 10. O-O g6 11. b3 Bg7 12. Bb2 O-O 13. Qd2 Na6 14. Rad1 Nc7 15. dxc6
bxc6 16. exd6 Rad8 17. dxc7 Qxc7 18. Qc1 c5 19. Nb5 Qb7 20. Bxg7 Kxg7 21. Rxd8
Rxd8 22. Rd1 Bd7 23. Qe3 a6 24. Nc3 e6 25. Ne4 f5 26. Qc3+ Kf7 27. Nd6+ 1-0

[Event "4NCL/Div3/BRI2 vs. NWE2"]
[Site "Telford ENG"]
[Date "2003.01.19"]
[Round "4.1"]
[White "Buckley, David E"]
[Black "Lund, D Brett"]
[Result "0-1"]
[WhiteElo "2198"]
[BlackElo "2255"]
[PlyCount "82"]
[EventDate "2003.01.19"]

1. e4 d6 2. d4 Nf6 3. Nc3 c6 4. f4 Qa5 5. Bd3 e5 6. dxe5 dxe5 7. f5 b5 8. Nf3
Nbd7 9. Qe2 Qc7 10. O-O Bb7 11. Kh1 a6 12. Nd1 Nc5 13. Nf2 h5 14. b4 Nxd3 15.
Nxd3 c5 16. Bb2 cxb4 17. Bxe5 Qc6 18. Rae1 h4 19. Ng5 Nd7 20. Ba1 h3 21. Nxh3
Qh6 22. Qe3 Rc8 23. Rf2 Qxe3 24. Rxe3 Rh4 25. Rfe2 Nb6 26. Nhf2 Nc4 27. Rg3 Na3
28. Bxg7 Nxc2 29. Bxf8 Kxf8 30. Rg4 Rxg4 31. Nxg4 Nd4 32. Re1 Nc2 33. Re2 Nd4
34. Re3 Nc2 35. Rh3 Rc3 36. f6 Ke8 37. Ndf2 Rxh3 38. gxh3 a5 39. h4 a4 40. Kg1
b3 41. axb3 a3 0-1

[Event "4NCL/Div3/BRI2 vs. NWE2"]
[Site "Telford ENG"]
[Date "2003.01.19"]
[Round "4.2"]
[White "Hague, Ben"]
[Black "Dilleigh, Stephen P"]
[Result "1-0"]
[WhiteElo "2233"]
[BlackElo "2158"]
[PlyCount "39"]
[EventDate "2003.01.19"]

1. e4 e5 2. f4 exf4 3. Nf3 d5 4. exd5 Nf6 5. Bc4 Nxd5 6. O-O Be7 7. Bxd5 Qxd5
8. d4 g5 9. Nc3 Qd8 10. Qe1 O-O 11. Qe4 f5 12. Qd3 b6 13. Qc4+ Kg7 14. Re1 Bb7
15. d5 Bc5+ 16. Kh1 Qf6 17. b4 Ba6 18. Qb3 Bd6 19. Bb2 Kg6 20. Re6 1-0

[Event "4NCL/Div3/BRI2 vs. NWE2"]
[Site "Telford ENG"]
[Date "2003.01.19"]
[Round "4.3"]
[White "Rudd, Jack"]
[Black "Hulmes, David I"]
[Result "1/2-1/2"]
[WhiteElo "2171"]
[BlackElo "2136"]
[PlyCount "86"]
[EventDate "2003.01.19"]

1. d4 d5 2. Nf3 Nf6 3. Bg5 Ne4 4. Bf4 c6 5. e3 Bf5 6. Bd3 e6 7. O-O Be7 8. c4
Nd7 9. Qc2 Bg6 10. a3 O-O 11. Nc3 Nxc3 12. Bxg6 hxg6 13. Qxc3 Nf6 14. h3 Bd6
15. Ne5 Bc7 16. Rfc1 dxc4 17. Qxc4 Nd7 18. Nxd7 Qxd7 19. Bxc7 Qxc7 20. b4 Qd7
21. Rab1 a6 22. Qc5 Qd5 23. Qxd5 exd5 24. a4 Rfc8 25. Rc3 Kf8 26. Rbc1 Ke7 27.
Kf1 Kd7 28. Ke2 a5 29. Rb3 axb4 30. Rxb4 Rcb8 31. f3 f6 32. Kd3 b6 33. e4 Ra5
34. e5 b5 35. Rcb1 g5 36. axb5 Raxb5 37. Rxb5 cxb5 38. Ra1 b4 39. Kc2 fxe5 40.
dxe5 Ke6 41. Ra7 Kxe5 42. Rxg7 Kf4 43. Rd7 Kg3 1/2-1/2

[Event "4NCL/Div3/BRI2 vs. NWE2"]
[Site "Telford ENG"]
[Date "2003.01.19"]
[Round "4.4"]
[White "Hughes, Howard R"]
[Black "Easton, Alex"]
[Result "1-0"]
[WhiteElo "2072"]
[BlackElo "2123"]
[PlyCount "97"]
[EventDate "2003.01.19"]

1. e4 e6 2. d4 d5 3. e5 c5 4. Nf3 Nc6 5. Bd3 cxd4 6. O-O Qc7 7. Re1 Nge7 8. Bf4
f5 9. Nbd2 Ng6 10. Bg3 Be7 11. h4 O-O 12. h5 Nh8 13. Nb3 Nf7 14. Nbxd4 Nxd4 15.
Nxd4 Qb6 16. c3 Bd7 17. Bxf5 exf5 18. e6 Bc6 19. Nxf5 Bf6 20. exf7+ Rxf7 21.
Qc2 d4 22. cxd4 Bxd4 23. Ne7+ Kh8 24. Nxc6 bxc6 25. Re6 Raf8 26. Rf1 Qb5 27.
Rxc6 Qxh5 28. Rc4 Bb6 29. Rh4 Qf5 30. Qxf5 Rxf5 31. Re4 h5 32. b4 Kh7 33. a4 a5
34. Re6 Bd4 35. b5 g5 36. Rd1 Bxf2+ 37. Bxf2 Rxf2 38. Rd7+ R2f7 39. Rxf7+ Rxf7
40. Ra6 g4 41. g3 Rf3 42. Kg2 Rb3 43. Kf2 Rf3+ 44. Kg2 Rb3 45. Rxa5 Kg6 46. Kf2
Rf3+ 47. Ke2 Rxg3 48. b6 Rg2+ 49. Kf1 1-0

[Event "4NCL/Div3/BRI2 vs. NWE2"]
[Site "Telford ENG"]
[Date "2003.01.19"]
[Round "4.5"]
[White "Curtis, John"]
[Black "Savory, Richard J"]
[Result "0-1"]
[WhiteElo "2143"]
[BlackElo "2099"]
[PlyCount "84"]
[EventDate "2003.01.19"]

1. d4 d5 2. Nf3 Nf6 3. e3 e6 4. Bd3 Be7 5. Nbd2 b6 6. Ne5 O-O 7. O-O Bb7 8. Qf3
c5 9. c3 Nbd7 10. Qh3 g6 11. f4 Ne4 12. a4 a5 13. Ndf3 f5 14. Qh6 Nxe5 15. dxe5
Ba6 16. Bxa6 Rxa6 17. Bd2 Rf7 18. Be1 Bf8 19. Qh3 Rb7 20. Bh4 Be7 21. Bxe7 Qxe7
22. g4 b5 23. gxf5 gxf5 24. Kh1 Kh8 25. Qg2 b4 26. Rg1 Ra8 27. Nd2 bxc3 28.
Nxe4 cxb2 29. Rab1 fxe4 30. Rxb2 Rbb8 31. Rgb1 Rb4 32. Rg1 Qf7 33. Qc2 c4 34.
Qc3 Rab8 35. Rbg2 Rb1 36. Qxa5 Rxg1+ 37. Rxg1 Qh5 38. Rg3 Rb1+ 39. Kg2 Rb2+ 40.
Kf1 Rb1+ 41. Kg2 Rb2+ 42. Kf1 Qe2+ 0-1

[Event "4NCL/Div3/BRI2 vs. NWE2"]
[Site "Telford ENG"]
[Date "2003.01.19"]
[Round "4.6"]
[White "McCarthy, Jim"]
[Black "Chaplin, Peter"]
[Result "0-1"]
[WhiteElo "2133"]
[BlackElo "2060"]
[PlyCount "56"]
[EventDate "2003.01.19"]

1. d4 Nf6 2. Nf3 d5 3. c4 c6 4. Nc3 e6 5. e3 Bd6 6. Bd3 Nbd7 7. O-O O-O 8. e4
dxe4 9. Nxe4 Nxe4 10. Bxe4 Nf6 11. Bc2 h6 12. Qe2 b6 13. Rd1 Qc7 14. h3 Bb7 15.
b3 Rad8 16. Bb2 Qe7 17. Ne5 Ba3 18. Bxa3 Qxa3 19. Rd3 c5 20. Rg3 Rxd4 21. Re1
Qa5 22. Nxf7 Rxf7 23. Qxe6 Be4 24. Qc8+ Rf8 25. Qe6+ Kh8 26. Rxe4 Rxe4 27. Qf5
Qe1+ 28. Kh2 Ng4+ 0-1

[Event "4NCL/Div3/BRI2 vs. NWE2"]
[Site "Telford ENG"]
[Date "2003.01.19"]
[Round "4.7"]
[White "Ponter, Ian"]
[Black "Griffiths, Kathy"]
[Result "1-0"]
[WhiteElo "2103"]
[BlackElo "2064"]
[PlyCount "39"]
[EventDate "2003.01.19"]

1. e4 c5 2. c3 Nc6 3. d4 cxd4 4. cxd4 Nf6 5. Nc3 e6 6. Nf3 Bb4 7. Bd3 h6 8. O-O
d6 9. d5 Ne7 10. Qa4+ Bd7 11. Qxb4 exd5 12. Nxd5 Nexd5 13. exd5 Nxd5 14. Qxd6
Be6 15. Qxd8+ Rxd8 16. Bb5+ Ke7 17. b3 a6 18. Ba3+ Kf6 19. Bc4 g5 20. Bb2+ 1-0

[Event "4NCL/Div3/BRI2 vs. NWE2"]
[Site "Telford ENG"]
[Date "2003.01.19"]
[Round "4.8"]
[White "Bradley, Karen"]
[Black "Nicol, Ruth"]
[Result "1/2-1/2"]
[WhiteElo "1392"]
[BlackElo "1700"]
[PlyCount "125"]
[EventDate "2003.01.19"]

1. e4 e6 2. d4 d5 3. e5 c5 4. c3 Qb6 5. a3 Nc6 6. Nf3 Nge7 7. b4 cxd4 8. cxd4
Nf5 9. Bb2 Bd7 10. Be2 Rc8 11. O-O Be7 12. Qd3 O-O 13. Nbd2 a6 14. Nb3 Na7 15.
Rac1 Rxc1 16. Rxc1 Rc8 17. Rxc8+ Nxc8 18. Qc2 Qc6 19. Qxc6 Bxc6 20. Na5 Na7 21.
Bd3 Nh6 22. Bc1 Bd8 23. Nb3 Bb5 24. Bb1 b6 25. Ng5 Bxg5 26. Bxg5 Ba4 27. Nd2
Nb5 28. Bd8 Nxd4 29. Bxb6 Ne2+ 30. Kh1 Ng4 31. Nf3 Bb5 32. h3 Nh6 33. Nd4 Nc3
34. Bc2 Bc4 35. Bd8 g6 36. g4 Kf8 37. Bg5 Ng8 38. Nc6 Ke8 39. Nd4 Ne7 40. Bd2
Nb5 41. Nxb5 axb5 42. f4 d4 43. Kg2 Nd5 44. Kf3 d3 45. Bb1 f5 46. exf6 Nxf6 47.
Ke3 Kd7 48. Bxd3 Bxd3 49. Kxd3 Kd6 50. Bc3 Nd7 51. Ke4 Nb6 52. Kd4 Nc4 53. a4
e5+ 54. fxe5+ Nxe5 55. Ke4 Nf7 56. a5 Ng5+ 57. Kd4 Nxh3 58. a6 Kc6 59. a7 Kb7
60. Kc5 Kxa7 61. Kxb5 Kb7 62. Bd2 Nf2 63. g5 1/2-1/2

[Event "4NCL/Div3/SLO2 vs. WRO2"]
[Site "Telford ENG"]
[Date "2003.01.19"]
[Round "4.1"]
[White "Redpath, Joseph"]
[Black "Keely, Leo"]
[Result "1-0"]
[WhiteElo "2184"]
[BlackElo "2153"]
[PlyCount "81"]
[EventDate "2003.01.19"]

1. d4 Nf6 2. Nf3 g6 3. Nc3 d5 4. Bf4 Bg7 5. e3 O-O 6. Be2 c5 7. Ne5 cxd4 8.
exd4 Be6 9. Qd2 Nc6 10. Nxc6 bxc6 11. O-O Nd7 12. Na4 {=} 12... Qc8 13. b4 h5
14. Rfe1 Bf5 15. c3 e5 16. dxe5 Nxe5 17. Bxe5 Bxe5 18. Bxh5 Qc7 19. g3 Bxg3 20.
hxg3 gxh5 21. Qg5+ Bg6 22. f4 Qd7 23. Nc5 Qf5 24. Qxf5 Bxf5 25. Re5 Bg4 26. Nb3
Rfe8 27. Rae1 Kf8 28. Kf2 Rxe5 29. Rxe5 Re8 30. Ke3 Rxe5+ 31. fxe5 Ke7 32. Nd4
Bd7 33. Kf4 f6 34. e6 Bxe6 35. Nxc6+ Kd6 36. Nxa7 Bd7 37. b5 Kc7 38. a4 Kb6 39.
Nc6 Bxc6 40. bxc6 Kxc6 41. Kf5 1-0

[Event "4NCL/Div3/SLO2 vs. WRO2"]
[Site "Telford ENG"]
[Date "2003.01.19"]
[Round "4.2"]
[White "Cumbers, Paul"]
[Black "Richmond, Robert J"]
[Result "0-1"]
[WhiteElo "2040"]
[BlackElo "2219"]
[PlyCount "140"]
[EventDate "2003.01.19"]

1. c4 f5 2. g3 Nf6 3. Bg2 g6 4. Nc3 Bg7 5. d3 d6 6. e4 Nc6 7. Nge2 O-O 8. O-O
e5 9. Nd5 Ne7 10. Rb1 c6 11. Nxf6+ Bxf6 12. Bh6 Rf7 13. Nc3 Kh8 14. Qd2 Be6 15.
Bg5 Bg7 16. exf5 gxf5 17. Rfe1 Qf8 18. Qe2 Ng6 19. Qh5 Re8 20. Bd2 Rd7 21. Re2
d5 22. b3 e4 23. cxd5 cxd5 24. dxe4 dxe4 25. Nxe4 fxe4 26. Bxe4 Bf7 27. Bg5
Rxe4 28. Rxe4 Bd5 29. Ree1 Ne5 30. Rxe5 Bxe5 31. Bh6 Bg7 32. Bxg7+ Qxg7 33.
Qe8+ Bg8 34. Re1 Qd4 35. h4 Rf7 36. Qe2 Rf8 37. Rd1 Rxf2 38. Qxf2 Qxd1+ 39. Kh2
Qg4 40. Qxa7 Qe2+ 41. Kg1 Qe4 42. Qf2 Kg7 43. Qb2+ Kg6 44. Kf2 Bd5 45. Qc3 Qg2+
46. Ke1 Qf3 47. Qc7 Qe3+ 48. Kd1 Bf3+ 49. Kc2 Be4+ 50. Kb2 Qf2+ 51. Ka3 Qf5 52.
Qc3 Kh5 53. Qg7 Qg6 54. Qe5+ Kg4 55. Qf4+ Kh3 56. h5 Qg4 57. Qe5 Bf3 58. h6 Kh2
59. Qb2+ Kxg3 60. Qe5+ Kh3 61. Qc7 Be4 62. Qd8 Qf5 63. Qd2 Kg4 64. Qh2 Kg5 65.
Qd6 Qf4 66. Qe6 Qe3 67. Qd6 b6 68. Qh2 Qc1+ 69. Kb4 Qc5+ 70. Ka4 Bc6# 0-1

[Event "4NCL/Div3/SLO2 vs. WRO2"]
[Site "Telford ENG"]
[Date "2003.01.19"]
[Round "4.3"]
[White "Tarifa, Alket"]
[Black "Lim, Chin-Lee"]
[Result "0-1"]
[WhiteElo "2159"]
[BlackElo "2060"]
[PlyCount "128"]
[EventDate "2003.01.19"]

1. e4 e5 2. Nf3 Nc6 3. Bc4 Bc5 4. c3 Nf6 5. d3 O-O 6. O-O d6 7. Bb3 Bb6 8. Nbd2
a6 9. h3 Ba7 10. Nc4 b5 11. Ne3 Na5 12. Bc2 Re8 13. a4 c5 14. Nd5 Nxd5 15. exd5
Bf5 16. Re1 c4 17. dxc4 Bxc2 18. Qxc2 bxc4 19. Bg5 f6 20. Be3 Nb3 21. Rad1 Qd7
22. Bxa7 Rxa7 23. Re4 Qxa4 24. Nd2 Rc8 25. Nxb3 cxb3 26. Rxa4 bxc2 27. Rc1 Rc5
28. c4 Rac7 29. Rxc2 Rxd5 30. Rxa6 Rd4 31. b3 d5 32. Ra4 Kf7 33. Kf1 Ke7 34.
Ke2 Rb7 35. cxd5 Rxd5 36. Rc3 h5 37. Rac4 Kd6 38. b4 Rdb5 39. Rb3 Rd5 40. Rd3
Ra7 41. Rc2 e4 42. Rdc3 Rb7 43. Rc4 Ke5 44. h4 f5 45. g3 Rdb5 46. Rc5+ Ke6 47.
Rxb5 Rxb5 48. Rb2 Kd5 49. Ke3 Kc4 50. Kf4 Kc3 51. Rb1 Kc2 52. Re1 g6 53. Kg5
Rb6 54. b5 Kd2 55. Rb1 Ke2 56. Rb2+ Kf3 57. Kh6 f4 58. gxf4 Kxf4 59. Kg7 g5 60.
hxg5 Kxg5 61. Kf7 h4 62. Ke7 h3 63. Kd7 h2 64. Rb1 Kg4 0-1

[Event "4NCL/Div3/SLO2 vs. WRO2"]
[Site "Telford ENG"]
[Date "2003.01.19"]
[Round "4.4"]
[White "Shaw, Peter"]
[Black "Keevil, Paul"]
[Result "1-0"]
[WhiteElo "1984"]
[BlackElo "2132"]
[PlyCount "95"]
[EventDate "2003.01.19"]

1. d4 Nf6 2. Nf3 e6 3. e3 c5 4. Bd3 cxd4 5. exd4 g6 6. Bg5 Bg7 7. O-O Qc7 8.
Nc3 a6 9. Qd2 Nc6 10. d5 Nb4 11. Bf4 Qd8 {=} 12. Bc4 b5 13. Bb3 Bb7 14. Bd6
Nbxd5 15. Nxd5 Nxd5 16. Bxd5 Bxd5 17. Qxd5 Bxb2 18. Rab1 Bf6 {=} 19. Qe4 Be7
20. Bxe7 Kxe7 21. Qb4+ d6 22. Rfd1 Qc7 23. Rb3 Qc5 24. Qxc5 dxc5 25. Rbd3 Rhd8
26. Rxd8 Rxd8 27. Rxd8 Kxd8 28. Kf1 f6 29. Ke2 Kd7 30. Kd3 Kd6 31. Nd2 f5 32.
f4 e5 33. fxe5+ Kxe5 34. g3 f4 35. gxf4+ Kxf4 36. Ne4 c4+ 37. Kd4 g5 38. Nc5 g4
39. Ne6+ Kf5 40. Ng7+ Kg6 41. Ne6 h5 42. Ke5 h4 43. Kf4 g3 44. hxg3 h3 45. Kf3
a5 46. Nd4 b4 47. Nc6 b3 48. axb3 1-0

[Event "4NCL/Div3/SLO2 vs. WRO2"]
[Site "Telford ENG"]
[Date "2003.01.19"]
[Round "4.5"]
[White "Williams, Samuel G"]
[Black "Keeling, Geoff"]
[Result "1-0"]
[WhiteElo "2161"]
[BlackElo "2013"]
[PlyCount "51"]
[EventDate "2003.01.19"]

1. e4 e5 2. Nf3 Nc6 3. Bb5 a6 4. Bxc6 dxc6 5. O-O f6 6. d4 exd4 7. Nxd4 Bd6 8.
f4 Be7 9. Be3 c5 10. Nb3 Qxd1 11. Rxd1 b6 12. Nc3 Bb7 13. Nd5 O-O-O 14. c4 Bd6
15. Rd3 Re8 16. Nxb6+ cxb6 17. Rxd6 Rxe4 18. Rad1 Nh6 19. Bf2 Rxc4 20. Rxb6 Ng4
21. Rxb7 Nxf2 22. Rdd7 Ne4 23. h4 Rc2 24. Na5 Rd2 25. Rdc7+ Kd8 26. Nc6+ 1-0